26京都府の市区町村 - Statistics

General Stats
  • This quiz has been taken 140 times
    136 since last reset
  • The average score is 23 of 36
Answer Stats
Answer % Correct
京都市左京区
90%
宇治市
90%
京都市下京区
89%
京都市右京区
88%
京都市北区
87%
京都市上京区
87%
京都市中京区
87%
舞鶴市
87%
京都市南区
86%
京都市伏見区
86%
長岡京市
86%
京都市山科区
84%
福知山市
80%
亀岡市
80%
京田辺市
78%
綾部市
77%
京都市東山区
74%
向日市
74%
京丹後市
72%
城陽市
71%
京都市西京区
69%
宮津市
69%
八幡市
69%
南丹市
69%
木津川市
69%
乙訓郡大山崎町
35%
相楽郡南山城村
31%
久世郡久御山町
30%
相楽郡精華町
30%
与謝郡与謝野町
30%
相楽郡笠置町
29%
与謝郡伊根町
28%
綴喜郡井手町
26%
相楽郡和束町
26%
綴喜郡宇治田原町
24%
船井郡京丹波町
24%
No matching quizzes found
Score Distribution
Percent of People with Each Score
Percentile by Number Answered
Your Score History
You have not taken this quiz since the last reset